Sports Quiz

Random Sports or MLB Quiz

2011's Worst Hitters Quiz Stats

Quiz not verified by Sporcle

Challenge
Share
Tweet
Embed
Score 0/30 Timer 07:00
0 Plays Today
Team Player % Correct
White SoxAdam Dunn
85.8%
White SoxAlex Rios
51.1%
Blue Jays/DiamondbacksAaron Hill
44%
AstrosChris Johnson
43.3%
White SoxGordon Beckham
42.5%
White SoxJuan Pierre
40.7%
AngelsVernon Wells
36.6%
BrewersYuniesky Betancourt
35.8%
Indians/GiantsOrlando Cabrera
35.4%
BrewersCasey McGehee
34.7%
GiantsAubrey Huff
31.7%
MarinersIchiro Suzuki
31.3%
BravesAlex Gonzalez
28.7%
CardinalsRyan Theriot
27.6%
Athletics/RockiesMark Ellis
25.4%
Team Player % Correct
RoyalsAlcides Escobar
21.3%
NationalsIan Desmond
20.1%
White SoxBrent Morel
19.8%
MarinersBrendan Ryan
19.8%
CubsDarwin Barney
19%
Astros/GiantsJeff Keppinger
18.7%
PadresJason Bartlett
17.5%
TwinsDanny Valencia
17.5%
MarinersMiguel Olivo
16.4%
TwinsBen Revere
14.9%
PiratesRonny Cedeno
14.2%
RoyalsChris Getz
12.3%
MarinersAdam Kennedy
11.2%
NationalsRick Ankiel
9.7%
DodgersAaron Miles
6.3%

You're not logged in!

Compare scores with friends on all Sporcle quizzes.
Join for Free
OR
Log In

You Might Also Like...

Show Comments

Extras

Top Quizzes Today


Score Distribution

Your Account Isn't Verified!

In order to create a playlist on Sporcle, you need to verify the email address you used during registration. Go to your Sporcle Settings to finish the process.

Report this User

Report this user for behavior that violates our Community Guidelines.

Details: